000
00262nam a2200109Ia 4500
008
190914s9999||||xx |||||||||||||| ||und||
100
_a
Edward Shapiro
245
0
_a
Macroeconomics Analysis
260
_a
Canada
_b
Prentice Hall
_c
2002
300
_a
134
942
_c
BK
999
_c
9853
_d
9853